| 000 | 00394nam a22001577a 4500 | ||
|---|---|---|---|
| 020 | _a8123910800 | ||
| 050 |
_aQE770 _b.W66 1982 |
||
| 100 | _aby Woods Henry | ||
| 245 | _aPaleontology Invertebrate | ||
| 250 | _a8th Edition | ||
| 260 |
_aNew Delhi _bCBS Publishers and Distributors _c1982 |
||
| 300 | _a477p. | ||
| 500 | _aIncludes Index | ||
| 650 | _bPaleontology Invertebrate | ||
| 942 | _cGEN | ||
| 999 |
_c2024 _d2024 |
||